| 000 | 01180nam a2200241 i 4500 | ||
|---|---|---|---|
| 001 | 181631 | ||
| 003 | ES-MaACL | ||
| 005 | 20250728182234.0 | ||
| 008 | 130226s1951 sp |||| | spa d | ||
| 080 | _a798.23(460)"15/16" | ||
| 245 | 0 | 0 |
_aTres libros de jineta de los siglos XVI y XVII / _clos publica la Sociedad de Bibliófilos Españoles ; [prólogo, C. Sanz Egaña]. |
| 260 |
_aMadrid : _bSociedad de Bibliófilos Españoles, _c1951 ( _fImp. Aldus) |
||
| 300 |
_aXLVIII, 270 p., 2 h. : _bil. ; _c25 cm. |
||
| 505 | 8 | _aContiene: Discurso para estar a la gineta con gracia y hermosura / por Juan Arias Dávila Portocarrero . Modo de pelear a la gineta / por Simón de Villalobos . Teórica y exercicios de la gineta.../ por Bernardo de Vargas Machuca | |
| 650 | 4 |
_aEquitación- _vObras anteriores a 1800. _9152323 |
|
| 700 | 1 |
_aArias Dávila Portocarrero, Juan, _cConde de Puñonrostro. _9152381 |
|
| 700 | 1 |
_aVillalobos, Simón de. _9152382 |
|
| 700 | 1 |
_aVargas Machuca, Bernardo de, _dca. 1555-1622 _9133555 |
|
| 700 | 1 |
_aSanz Egaña, C. _9103635 |
|
| 710 | 2 |
_aSociedad de Bibliófilos Españoles. _96661 |
|
| 852 | 4 |
_aES-MaACL _jJ-7(II-26) |
|
| 999 |
_c181631 _d181631 |
||